| 000 | 00681nam a2200169 a 4500 | ||
|---|---|---|---|
| 008 | 220225s2017 ||||||||||||||||| || u | ||
| 050 | _aCBU-PG THESIS/SAM | ||
| 100 | _aSamakao, Misheck | ||
| 245 | 1 | 4 |
_aThe role of management in quality improvement in public hospitals : a case of Leon Hospital in Spain _cBy Misheck Samakao |
| 260 |
_aKitwe _bCopperbelt University _c2017 |
||
| 300 | _axiv, 95 pages : illustrations | ||
| 650 | _aQUALITY | ||
| 650 | 0 | _aMANAGEMENT | |
| 650 | _aHUMAN RESOURCE MANAGEMENT--ZAMBIA | ||
| 650 | _aHEALTH | ||
| 995 |
_FCBU-MAIN LIBRARY (Kitwe) _M1 _UAVAILABLE _WMar 11, 2022 _ZUniversity Collection |
||
| 999 |
_c56682 _d56682 |
||